| 000 | 00565nam a2200157 4500 | ||
|---|---|---|---|
| 001 | 137680 | ||
| 003 | ES-MaACL | ||
| 005 | 20230906195424.0 | ||
| 007 | t| | ||
| 008 | 070214s1910 fr r ||||1| fre d | ||
| 100 | 1 |
_aSaleilles, Raymond. _9101868 |
|
| 245 | 1 | 0 |
_aDe la personnalité juridique _b: histoire et théories : vingt-cinq leçons d'introduction a un cours de Droit Civil comparé sur les personnes juridiques / _cpar Raymond Saleilles. |
| 260 |
_aParis : _bArthur Rousseau, _c1910. |
||
| 300 |
_aVIII, 672 p. ; _c22 x 14 cm. |
||
| 852 |
_aES-MaACL _jD-200 |
||
| 999 |
_c137680 _d137680 |
||